01004cam a22002655a 4500999001700000001000900017005001700026008004100043020002500084020002200109040003800131082002100169245005900190260007700249300005100326490005200377504004100429650003400470650003000504651001000534653002000544700003200564942000800596952013400604 c19425d193971776471420201128021253.0130605t2013 enkadk frb 000 0 eng d a9781781954454 (hbk.) a1781954453 (hbk.) aDLCbengcDLCdEG-ScBUEdEG-ScBUE04a658.421bENT22200aEntrepreneurial failure /cedited by Dean A. Shepherd. aCheltenham ;aMassachusetts :bEdward Elgar Publishing Limited,cc.2013. axxi, 757 p. :bcharts, forms, tables ;c25 cm.0 aInternational library of entrepreneurship ;v28 aIncludes bibliographical references. 7aEntrepreneurship.2BUEsh9240 0aBusiness failures.2BUEsh 2BUEsh bBUSADMcMay20151 aShepherd, Dean A.,eeditor. 2ddc 00102ddc40708BaccahaMAINbMAINc1STd2019-07-09ePurchasel1m4o658.421 ENTp000047971r2025-07-15 00:00:00s2021-07-06yBB